|
|
|
|
| LEADER |
00000cam a2200000 a 4500 |
| 001 |
vtls011608123 |
| 003 |
SK-MaSNL |
| 005 |
20260301093409.0 |
| 008 |
240313s2017 xr e np 001 0 cze |
| 020 |
|
|
|a 9788001060308
|q (brož.)
|
| 040 |
|
|
|a SNK
|b slo
|c SNK
|e AACR2
|
| 041 |
0 |
|
|a cze
|
| 044 |
|
|
|a xr
|c CZ
|
| 072 |
|
7 |
|a 511
|x Teória čísel
|2 konspekt
|
| 080 |
|
|
|a 511
|2 2011
|
| 080 |
|
|
|a (075.8)
|2 2011
|
| 100 |
1 |
|
|a Masáková, Zuzana,
|d 1975-
|4 aut
|9 57590
|
| 245 |
1 |
0 |
|a Teorie čísel
|c Zuzana Masáková, Edita Pelantová
|
| 250 |
|
|
|a 2. vyd.
|
| 260 |
|
|
|a V Praze
|b České vysoké učení technické
|b Česká technika - nakladatelství ČVUT
|c 2017
|
| 300 |
|
|
|a 178 s.
|c 30 cm
|
| 504 |
|
|
|a Bibliografia na strane 175-176 ; register
|
| 650 |
0 |
7 |
|a teória čísel
|2 SNKPH
|9 21117
|
| 650 |
0 |
7 |
|a Number theory
|2 SNKPHeng
|9 415755
|
| 655 |
|
7 |
|a učebnice vysokých škôl
|2 SNKPH
|9 70191
|
| 655 |
|
7 |
|a Textbooks (higher)
|2 SNKPHeng
|9 276436
|
| 700 |
1 |
|
|a Pelantová, Edita,
|d 1959-
|4 aut
|9 167751
|
| 752 |
|
|
|a Česko
|d Praha
|
| 919 |
|
|
|a 978-80-01-06030-8
|
| 999 |
|
|
|c 676901
|d 678831
|
| 952 |
|
|
|t snkMAS 511
|a SNKUST
|b SNKUST
|y PREZ
|7 0
|p 17A1261657
|o snkIB 73321
|i snk2017/16063
|8 3
|g 9.67
|0 0
|1 0
|4 0
|d 2017-07-10
|l 0
|r 2025-03-20 00:00:00
|w 2026-02-23
|